Регионална библиотека "Любен Каравелов" - Русе

Неформалната икономика (Запис номер 33096)

MARC детайли
000 -Лидер
Контролно поле с фиксирана дължина 01536nam a2200361 c 4500
003 - Код на организацията, давaща контролен номер
Контролно поле BLK
005 - Дата и час на последна редакция
Контролно поле 20180420220620.0
008 - Елементи от данни с фиксирана дължина
fixed length control field 180408b bul|||||r ||||||| ||bul||
010 ## - Наследен системен номер
LC control number KNG00035783000
020 ## - Международен стандартен номер на книга ISBN
Международен стандартен номер на книга ISBN 954-607-437-3
-- издат.: ЛИК - (не е отпеч.)
040 ## - Източник на каталожния запис
Идентификатор на билиотеката - собственик на записа BLK
041 ## - Код за език
Код за езика на текст/звукозапис или на отделно заглавие Български
Код за езика КДБФ Български
080 ## - УДК
Текстов определител УДК Управление на стопанството в условията на пазарно стопанство
УДК код - определител по УДК 338.242
УДК определител
УДК - код + определител 338.242
080 ## - УДК
Текстов определител УДК Икономически подсистеми и институти. Икономическа структура. Социология на икономиката в цялост
УДК код - определител по УДК 316.334.2
УДК определител
УДК - код + определител 316.334.2
100 1# - Редна дума - Автор
Автор Чавдарова, Таня Бойчева
Авторска отговорност първи автор
R(LIN) 272729
139 ## - Редно поле
Редна дума Чавдарова, Таня Бойчева
Авторски знак Ча - Ч 12
245 10 - Сведения за заглавието
Заглавие Неформалната икономика
Редно поле (дума) Таня Бойчева Чавдарова.
257 ## - Страна на издаване
Страна на създаване/издаване България
260 ## - Област на издателските данни
-- София
Име на издателя, разпространителя и проч. ЛИК
Година на издаване 2001
300 ## - Физическа характеристика
Страници 340 с.
Илюстрации и др. с табл.
Размери/Мащаб 21 см
380 ## - Жанр
Жанр Обществени науки
500 ## - Общи забележки
Забележка Офс. изд. - Библиогр. с. 311-332 ; Азб. показалец.
504 ## - Забележка за наличие на библиография и др
Забележка за наличие на библиография и под. 311-332
650 #4 - Допълнително описание по предмет – тема
Основно описание – тема или топоним България - стопанство - социология
9 (RLIN) 271397
653 ## - Ключова дума – ненормативна
Ключова дума неформална икономика
653 ## - Ключова дума – ненормативна
Ключова дума стопанство
653 ## - Ключова дума – ненормативна
Ключова дума България
852 ## - Местоположение
Форматна сигнатура Цб 208384
856 4# - Електронен адрес и достъп
Електронен формат pdf - файл
Път до файла /url/
856 4# - Електронен адрес и достъп
Електронен формат pdf - файл
Път до файла /url/
942 ## - АРТИКУЛИ
Вид на библиотечния материал Книги
Скрит в OPAC Не
944 ## - СЪЗДАВАНЕ И РЕДАКЦИЯ на ЗАПИСА
Създаване/Редакция Създаване
Дата на регистрацията/редакция 15.01.2003
Служител, извършил регистрацията/редакцията Кети_Илиева
944 ## - СЪЗДАВАНЕ И РЕДАКЦИЯ на ЗАПИСА
Създаване/Редакция Редакция
Дата на регистрацията/редакция 07.09.2006
Служител, извършил регистрацията/редакцията
999 ## - СИСТЕМНИ КОНТРОЛНИ НОМЕРА
Koha biblionumber 33096
Koha biblioitemnumber 33096
Наличности
Код за отписване Код за изгубен артикул Източник на класификационната схема Код за повреда Коз за рестрикции Код за отдаване Артикулен № Име на библиотеката - собственик Име на библиотеката, в която се намира в момента Статус (Текущо местоположение) Дата на вписване в системата Местоположение - отдел Цена в лева Инвентарен номер Систематично азбучна сигнатура Баркод Номер на екземпляра Цена в евро Служебна бележка Служебен тип на артикула
  Не е изгубен Universal Decimal Classification Не е повреден без рестрикции ползва се в читалня 52881 Регионална библиотека "Любен Каравелов" Русе Регионална библиотека "Любен Каравелов" Русе Читалня 2001-01-01 Читалня 6.23 663959 Ч 338/Ч 12 120000663959 1 3.19 Дост: Pk Вид: Ф N: стар фонд Дата: 01.01.2001 Дата инв: 23.03.2017 Бележки инв: Ч2017 Книги
  Не е изгубен Universal Decimal Classification Не е повреден без рестрикции ползва се в читалня 52882 Регионална библиотека "Любен Каравелов" Русе Регионална библиотека "Любен Каравелов" Русе Хранилище 2001-01-01 Хранилище 8.90 667839 Цб 208384 120000667839 2 4.55 Дост: Dp Вид: Д N: 37 Дата: 01.01.2001 Книги
Vip Innovations Ltd, Rousse, Bulgaria 2025